Environmental overkill : (Record no. 61873)
[ view plain ]
| 000 -LEADER | |
|---|---|
| fixed length control field | 01105pam a2200289 a 4500 |
| 001 - CONTROL NUMBER | |
| control field | 4890015 |
| 003 - CONTROL NUMBER IDENTIFIER | |
| control field | ARRUPE |
| 005 - DATE AND TIME OF LATEST TRANSACTION | |
| control field | 20170921120212.0 |
| 008 - FIXED-LENGTH DATA ELEMENTS--GENERAL INFORMATION | |
| fixed length control field | 931115r19941993nyu b 001 0 eng |
| 010 ## - LIBRARY OF CONGRESS CONTROL NUMBER | |
| LC control number | 93042982 |
| 020 ## - INTERNATIONAL STANDARD BOOK NUMBER | |
| International Standard Book Number | 0060975989 (pbk.) : |
| Terms of availability | $12.00 ($16.00 Can.) |
| 040 ## - CATALOGING SOURCE | |
| Original cataloging agency | DLC |
| Transcribing agency | DLC |
| Modifying agency | DLC |
| 050 10 - LIBRARY OF CONGRESS CALL NUMBER | |
| Classification number | GE195.7 |
| Item number | .R39 1994 |
| 082 00 - DEWEY DECIMAL CLASSIFICATION NUMBER | |
| Classification number | 363.7 |
| Edition number | 20 |
| 300 ## - PHYSICAL DESCRIPTION | |
| Dimensions | 21 cm. |
| 100 1# - MAIN ENTRY--PERSONAL NAME | |
| Personal name | Ray, Dixy Lee. |
| 9 (RLIN) | 36056 |
| 245 10 - TITLE STATEMENT | |
| Title | Environmental overkill : |
| Remainder of title | whatever happened to common sense? / |
| Statement of responsibility, etc | Dixy Lee Ray with Lou Guzzo. |
| 250 ## - EDITION STATEMENT | |
| Edition statement | 1st HarperPerennial ed. |
| 260 ## - PUBLICATION, DISTRIBUTION, ETC. (IMPRINT) | |
| Place of publication, distribution, etc | New York : |
| Name of publisher, distributor, etc | HarperPerennial, |
| Date of publication, distribution, etc | 1994. |
| 300 ## - PHYSICAL DESCRIPTION | |
| Extent | x, 260 p. ; |
| 500 ## - GENERAL NOTE | |
| General note | Originally published: Washington, D.C. : Regnery Gateway, c1993. |
| 504 ## - BIBLIOGRAPHY, ETC. NOTE | |
| Bibliography, etc | Includes bibliographical references (p. 211-250) and index. |
| 650 #0 - SUBJECT ADDED ENTRY--TOPICAL TERM | |
| Topical term or geographic name as entry element | Environmental responsibility. |
| 9 (RLIN) | 3516 |
| 650 #0 - SUBJECT ADDED ENTRY--TOPICAL TERM | |
| Topical term or geographic name as entry element | Environmental policy. |
| 9 (RLIN) | 23565 |
| 700 1# - ADDED ENTRY--PERSONAL NAME | |
| Personal name | Guzzo, Louis R., |
| Dates associated with a name | 1919- |
| 9 (RLIN) | 36057 |
| 906 ## - LOCAL DATA ELEMENT F, LDF (RLIN) | |
| a | 7 |
| b | cbc |
| c | orignew |
| d | 1 |
| e | ocip |
| f | 19 |
| g | y-gencatlg |
| 942 ## - ADDED ENTRY ELEMENTS (KOHA) | |
| Source of classification or shelving scheme | Library of Congress Classification |
| Koha item type | Monograph ( Printed materials) |
| Withdrawn status | Lost status | Source of classification or shelving scheme | Damaged status | Not for loan | Collection code | Home library | Current library | Shelving location | Date acquired | Total Checkouts | Full call number | Barcode | Date last seen | Date checked out | Copy number | Price effective from | Koha item type |
|---|---|---|---|---|---|---|---|---|---|---|---|---|---|---|---|---|---|
| Library of Congress Classification | Main Collection | ARRUPE LIBRARY | ARRUPE LIBRARY | 05/03/2013 | 11 | GE195.7.R39 1994 | 46003094707 | 29/04/2019 | 25/03/2019 | 1 | 05/03/2013 | Monograph ( Printed materials) |